000 01046nam0a2200277 4500
001 RU\NLR\bibl\1669265
005 20250616043944.0
010 _a978-5-9287-2235-7
_97500
021 _aRU
_b2010-57779
_93785
035 _a(NLR Aleph) 001660532
090 _a978751
_c978751
100 _a20100901d2009 |||y0rusy50 ca
101 1 _arus
_cund
102 _aRU
105 _aab |||||||||
200 1 _aНаша планета
_iЧасти света
_e[для детей 7-9 лет
_fтекст: Кэти Хьюот]
_gил.: Гэри Флеминг
210 _aМосква
_cЛабиринт Пресс
_d2009
215 _a[12] c., [2] л. цв. наклеек
_cцв. ил., карт.
_d31
_e[1] отд. л. цв. карт.
300 _aАвт. указан в вып. дан.
700 1 _aХьюот
_bК.
_gКэти
_4070
702 1 _4440
_7ca
_8rus
_aФлеминг
_bГ.
_f1967-
_gГарри
_9201582
_3RU\NLR\AUTH\770201633
801 0 _aRU
_bNLR
_c20100901
_gRCR
801 1 _aRU
_bNLR
_c20100901
942 _cBOOK
980 _aNB